|
|
|
|
| LEADER |
01279nta a2200241 i 4500 |
| 001 |
dokt4442 |
| 005 |
20221111105711.0 |
| 008 |
220325s1997 hu om 0|| hun d |
| 040 |
|
|
|a SZTE Doktori Repozitórium
|b hun
|
| 041 |
|
|
|a hun
|
| 100 |
1 |
|
|a Hegyes Péter
|
| 245 |
1 |
0 |
|a Cryptopleurin analógok szintézise és vizsgálata, biológiailag aktív szerves szilícium vegyületek és poliszilánok szintézise, savérzékeny handle-k előállítása és peptidkémiai felhasználása
|h [elektronikus dokumentum] :
|b Egyetemi doktori fokozatának PhD fokozattá történő átminősítésére benyújtott tézis /
|c Hegyes Péter
|
| 260 |
|
|
|c 1997
|
| 502 |
|
|
|a Disszertacio
|
| 650 |
|
4 |
|a kémiai tudományok
|
| 650 |
|
4 |
|a Természettudományok
|
| 650 |
|
4 |
|a Kémiai tudományok
|
| 695 |
|
|
|a Kémia
|
| 700 |
1 |
|
|a nincs megadva
|e ths
|
| 856 |
4 |
0 |
|u https://doktori.bibl.u-szeged.hu/id/eprint/4442/1/1997_hegyes_peter.pdf
|z Dokumentum-elérés
|
| 856 |
4 |
0 |
|u https://doktori.bibl.u-szeged.hu/id/eprint/4442/2/1997_hegyes_peter_biralat.pdf
|z Dokumentum-elérés
|
| 856 |
4 |
0 |
|u https://doktori.bibl.u-szeged.hu/id/eprint/4442/13/1972_hegyes_peter_02.pdf
|z Dokumentum-elérés
|
| 856 |
4 |
0 |
|u https://doktori.bibl.u-szeged.hu/id/eprint/4442/14/1972_hegyes_peter_kozlemenyek.pdf
|z Dokumentum-elérés
|